Marvel Arch Nemesis - Statistics

General Stats
  • This quiz has been taken 51 times
    50 since last reset
  • The average score is 18 of 37
Answer Stats
Hero Villain % Correct
Spider-Man Green Goblin
94%
Thor Loki
94%
Fantastic Four Dr Doom
91%
Captain America Red Skull
88%
X-Men Magneto
85%
Silver Surfer Galactus
79%
Daredevil Kingpin
79%
Jessica Jones Purple Man
76%
Iron Man Mandarin
74%
Dr Strange Baron Mordo
68%
Wolverine Sabretooth
68%
Adam Warlock Thanos
68%
Blade Dracula
56%
Ghost Rider Mephisto
56%
Iceman Pyro
50%
Namor Attuma
47%
Hulk Leader
47%
Black Panther Klaw
44%
Cable Apocalypse
41%
Angela Hela
41%
Blackbolt Maximus
41%
Punisher Jigsaw
38%
Rogue Mystique
35%
Emma Frost Sebastian Shaw
35%
She Hulk Titania
35%
Cyclops Mr Sinister
32%
Sentry Void
32%
Longshot Mojo
26%
Lilandra Deathbird
24%
Venom Anti-Venom
18%
Captain Marvel Moonstone
18%
Iron Fist Steel Serpent
18%
Hawkeye Trickshot
18%
Wonder Man Grim Reaper
15%
Jean Grey Madelyne Pryor
15%
Spider-Woman Viper
12%
Valkyrie Enchantress
9%
No matching quizzes found
Score Distribution
Percent of People with Each Score
Percentile by Number Answered
Your Score History
You have not taken this quiz since the last reset